| 000 | 00832nam a2200205Ia 4500 | ||
|---|---|---|---|
| 003 | OSt | ||
| 005 | 20250714140559.0 | ||
| 008 | 210210b2003 xxu||||| |||| 00| 0 eng d | ||
| 040 | _cAL | ||
| 041 | _aKannada | ||
| 082 | _aK894.8 SAMA | ||
| 100 |
_aSAMAGRA DASA SAHITYA. _9151228 _dಸಮಗ್ರ ದಾಸ ಸಾಹಿತ್ಯ |
||
| 245 |
_aSamagra dasa sahitya: samputa; 6, bhaga 1, Kakhandaki shri mahipatirayara kirtanegalu. _bಸಮಗ್ರ ದಾಸ ಸಾಹಿತ್ಯ : ಸಂಪುಟ ೬, ಭಾಗ ೧, ಕಾಖಂಡಕಿ ಶ್ರೀ ಮಹಿಪತಿರಾಯರ ಕೀರ್ತನೆಗಳು |
||
| 260 |
_aBengaluru _bKannada mattu Samskrati Nirdeshanalalya _c2003 |
||
| 300 | _a63,322 | ||
| 650 |
_aDasasahitya _9151229 |
||
| 690 |
_aKannada Miscellaneous _9151230 |
||
| 906 | _a059371 | ||
| 942 |
_2ddc _cBK |
||
| 999 |
_c106716 _d106716 |
||